Modelové prístupy k cenovej diferenciácii produkcie monopolu

Enregistré dans:
Détails bibliographiques
Auteur principal: Fendeková, Eleonora, 1952-
Format: Chapitre de livre
Langue:slovaque
anglais
Tags: Ajouter un tag
Pas de tags, Soyez le premier à ajouter un tag!

MARC

LEADER 00000nla a2200000 4500
001 0176913
005 20240603075350.0
041 0 |a slo 
041 0 |a eng 
044 |a SK 
245 1 0 |a Modelové prístupy k cenovej diferenciácii produkcie monopolu  |c Eleonora Fendeková 
500 |a Abstrakt 
100 1 |a Fendeková, Eleonora, 1952-